00977nam a2200217 i 450000100060000000300090000600500170001500700030003200800410003510000390007624502760011526000720039130000210046350000640048460000310054870000360057970000330061570000380064871000510068685200220073788261ES-MaACL20250909203621.0t|050103s1959 sp |||| |bspa d1 aLaín Entralgo, Pedro,d1908-200110aGaspar Casal y la medicina de su tiempo / cPedro Laín Entralgob. Gaspar Casal hombre del Principado / por Leopoldo Cortejoso . La estela de Casal / por Joaquín García Morán . Treinta y cuatro años vivió Casal en Oviedo / por Luis Alfonso Martínez Cachero. aOviedo : b[s.n., c1959] (fTip. Residencia Provincial de Niños) a60 p. ; c25 cm. aPrecede al tít: Excma. Diputación Provincial de Oviedo.04aCasal, Gaspar, d1680-17591 aCortejoso Villanueva, Leopoldo.1 aGarcía Morán, Joaquín.1 aMartínez Cachero, Luis Alfonso.1 aOviedo (Provincia). bDiputación Provincial. aES-MaACLjC-17684